मराठयांच्या इतिहासाची साधने : खंड ७ : गोविंदराव कृष्ण काळे यांचे दप्तर (Record no. 837025)
[ view plain ]
| 000 -LEADER | |
|---|---|
| fixed length control field | 01159nam a22001937a 4500 |
| 003 - CONTROL NUMBER IDENTIFIER | |
| control field | OSt |
| 005 - DATE AND TIME OF LATEST TRANSACTION | |
| control field | 20140407170020.0 |
| 008 - FIXED-LENGTH DATA ELEMENTS--GENERAL INFORMATION | |
| fixed length control field | 140206b xxu||||| |||| 00| 0 eng d |
| 040 ## - CATALOGING SOURCE | |
| Transcribing agency | मराठी |
| 082 ## - DEWEY DECIMAL CLASSIFICATION NUMBER | |
| Item number | 230 |
| 100 ## - MAIN ENTRY--PERSONAL NAME | |
| Personal name | राजवाडे, विश्वनाथ काशिनाथ |
| 245 ## - TITLE STATEMENT | |
| Title | मराठयांच्या इतिहासाची साधने : खंड ७ : गोविंदराव कृष्ण काळे यांचे दप्तर |
| 260 ## - PUBLICATION, DISTRIBUTION, ETC. (IMPRINT) | |
| Place of publication, distribution, etc | मुंबई |
| Name of publisher, distributor, etc | महाराष्ट्र इतिहास सांस्कृतिक मंडळ |
| Date of publication, distribution, etc | 1904 |
| 300 ## - PHYSICAL DESCRIPTION | |
| Extent | ४३४ पृष्ठे |
| 520 ## - SUMMARY, ETC. | |
| Summary, etc | मराठयांच्या इतिहासाची साधने, दप्तर-गोविंदराव कृष्ण काळे |
| 653 ## - INDEX TERM--UNCONTROLLED | |
| Uncontrolled term | मराठयांच्या इतिहासाची साधने, दप्तर-गोविंदराव कृष्ण काळे |
| 856 ## - ELECTRONIC LOCATION AND ACCESS | |
| Uniform Resource Identifier | <a href="http://dspace.vpmthane.org:8080/jspui/bitstream/123456789/3571/1/230Maharashtra_itehas_Sadhane_Vol.7.pdf">http://dspace.vpmthane.org:8080/jspui/bitstream/123456789/3571/1/230Maharashtra_itehas_Sadhane_Vol.7.pdf</a> |
| 942 ## - ADDED ENTRY ELEMENTS (KOHA) | |
| Source of classification or shelving scheme | Dewey Decimal Classification |
| Koha item type | E-Book Marathi |
| Withdrawn status | Lost status | Source of classification or shelving scheme | Damaged status | Not for loan | Home library | Current library | Date acquired | Total Checkouts | Full call number | Barcode | Date last seen | Uniform Resource Identifier | Price effective from | Koha item type |
|---|---|---|---|---|---|---|---|---|---|---|---|---|---|---|
| Dewey Decimal Classification | VPM Digital Repository | VPM Digital Repository | 02/06/2014 | 230 | VPMDIGI-230 | 02/06/2014 | http://dspace.vpmthane.org:8080/jspui/bitstream/123456789/3571/1/230Maharashtra_itehas_Sadhane_Vol.7.pdf | 02/06/2014 | E-Book Marathi |